000 00750cab a2200217 4500
001 WB3504-21
008 090401t1999 xxu||||| |||| 00| 0 eng d
035 _a(Sirsi) u90935
041 _aeng
245 _aProtection of field boundaries
260 _c1999
350 _a0
490 _aDETR News Release
_v(57) 25 January 1999 (2)
520 _aThe Environment Minister has said that extra protection for field boundaries may be made available if it is found to be necessary. This statement has been issued in response to the inquiry into the Protection of Field Boundaries.
650 _aDETR
650 _aFIELD BOUNDARIES
650 _aPROTECTION
690 _aENVIRONMENTAL AND LAND CONSULTANCY
942 _n0
948 _c27/01/1999
999 _c57691
_d57691